Online
Catalog

Un héroe español del progreso : (Record no. 28349)

MARC details
000 -CABECERA
campo de control de longitud fija 00731nam a2200205 a 4500
001 - NÚMERO DE CONTROL
campo de control 000028857
005 - FECHA Y HORA DE LA ÚLTIMA TRANSACCIÓN
campo de control 20200930055200.0
008 - DATOS DE LONGITUD FIJA--INFORMACIÓN GENERAL
campo de control de longitud fija 110412s1973 sp ac 000 0 spa d
020 ## - NÚMERO INTERNACIONAL ESTÁNDAR DEL LIBRO
Número Internacional Estándar del Libro 8429900403
040 ## - FUENTE DE LA CATALOGACIÓN
Centro catalogador/agencia de origen DO-SdBNP
Lengua de catalogación spa
Centro/agencia transcriptor BNPHU
100 1# - ENTRADA PRINCIPAL--NOMBRE DE PERSONA
Nombre de persona Bogoliúbov, Alekséi
9 (RLIN) 55838
240 10 - TÍTULO UNIFORME
Título uniforme Abryctnh abryctnhobny
Lenguaje de la obra Ruso
245 13 - MENCIÓN DE TÍTULO
Título Un héroe español del progreso :
Resto del título Agustin de Betancourt /
Mención de responsabilidad, etc. Aleksél Bogoliúbov ; prólogo Julio Caro Baroja.
260 ## - PUBLICACIÓN, DISTRIBUCIÓN, ETC.
Lugar de publicación, distribución, etc. Madrid :
Nombre del editor, distribuidor, etc. Seminarios y Ediciones,
Fecha de publicación, distribución, etc. 1973.
300 ## - DESCRIPCIÓN FÍSICA
Extensión 188 p. :
Otras características físicas il. rets. ;
Dimensiones 19 cm.
500 ## - NOTA GENERAL
Nota general Incluye notas al pie de las páginas
500 ## - NOTA GENERAL
Nota general Traducido del idioma ruso
504 ## - NOTA DE BIBLIOGRAFÍA, ETC.
Nota de bibliografía, etc. Bibliografía : p. 185-188
700 1# - PUNTO DE ACCESO ADICIONAL--NOMBRE DE PERSONA
Nombre de persona Caro Baroja, Julio,
Término indicativo de función/relación pról.
9 (RLIN) 15231
Holdings
Estado de retiro Estado de pérdida Restricciones de uso No para préstamo Código de colección Localización permanente Ubicación/localización actual Ubicación en estantería Fecha de adquisición Número de inventario Total de préstamos Signatura topográfica completa Código de barras Fecha visto por última vez Precio válido a partir de Tipo de ítem Koha
        Monografías: Libros y Folletos General General En catalogación 12.04.2011 LF1   28857-10 25.06.2020 25.06.2020 Préstamo en sala

Powered by Koha